[Event "PRO League Eastern 2017"]
[Site "chess.com INT"]
[Date "2017.01.18"]
[Round "2"]
[White "Dhulipalla, Bala Chandra Prasad"]
[Black "Debashis, Das"]
[Result "0-1"]
[BlackTitle "GM"]
[WhiteElo "2353"]
[BlackElo "2472"]
[WhiteTeam "Amaravati Yodhas"]
[BlackTeam "Odisha Express"]
[WhiteFideId "25005812"]
[BlackFideId "5024854"]
[EventDate "2017.01.11"]

1. d4 Nf6 2. Bf4 e6 3. e3 c5 4. Nf3 Nc6 5. Nbd2 d5 6. c3 Be7 7. Bd3 O-O 8. Ne5
Nxe5 9. dxe5 Nd7 10. Qh5 g6 11. Qg4 f5 12. exf6 Nxf6 13. Qe2 Bd6 14. Bh6 Rf7 15.
e4 Nh5 16. g3 Bd7 17. Nf3 Qc7 18. e5 Bf8 19. Bd2 c4 20. Bc2 Bc5 21. O-O Raf8 22.
Nd4 Ng7 23. Bg5 Qb6 24. Be3 Bxd4 25. Bxd4 Qxb2 26. Rfb1 Qa3 27. Rxb7 Ba4 28. Rb4
Bxc2 29. Qxc2 Nf5 30. Bc5 Rc8 31. Rab1 a5 32. Rb5 Rxc5 33. R5b3 cxb3 34. Rxb3
Nd4 0-1

[Event "PRO League Eastern 2017"]
[Site "chess.com INT"]
[Date "2017.01.18"]
[Round "2"]
[White "Balabaev, Timur"]
[Black "Shaposhnikov, Evgeny"]
[Result "0-1"]
[WhiteTitle "IM"]
[BlackTitle "GM"]
[WhiteElo "2393"]
[BlackElo "2557"]
[WhiteTeam "Shymkent Nomads"]
[BlackTeam "Gorky Stormbringers"]
[WhiteFideId "13700847"]
[BlackFideId "4122232"]
[EventDate "2017.01.11"]

1. e4 c5 2. Nf3 e6 3. d4 cxd4 4. Nxd4 a6 5. Bd3 Ne7 6. O-O Nbc6 7. Nxc6 Nxc6 8.
f4 b5 9. Kh1 Bb7 10. Nc3 d6 11. Bd2 Be7 12. Qg4 O-O 13. Rae1 Nb4 14. f5 Nxd3 15.
cxd3 exf5 16. Qxf5 Bf6 17. Re3 Be5 18. Rh3 g6 19. Qf2 f5 20. Bh6 Rf7 21. d4 Bh8
22. Qd2 Qd7 23. Rhf3 Re8 24. Rf4 b4 25. Nd5 Rxe4 26. Nxb4 Qb5 27. R1f2 a5 28.
Nc2 Rfe7 29. Rxe4 Bxe4 30. Ne3 Bf6 31. b3 Qb4 32. Qc1 Bb7 33. Nc2 Qc3 34. Bd2
Qc6 35. Be3 Qe4 36. Qd2 Qd5 37. Kg1 Bh4 38. Rf3 Re8 39. Bf4 Re4 40. Bh6 Bf6 41.
Re3 Kf7 42. Rxe4 Qxe4 43. Bf4 Qd5 44. Bg5 Bg7 45. Qf2 h6 46. Bf4 g5 47. Bd2 f4
48. Bc3 Bf6 49. Qd2 Bd8 50. Ne1 Qe4 51. Kf2 g4 52. Qd3 g3+ 53. hxg3 fxg3+ 54.
Kf1 Qxd3+ 55. Nxd3 Ke6 56. Ke2 Kf5 57. Ne1 h5 58. Nf3 h4 59. Be1 Kg4 60. a3 Bd5
61. b4 axb4 62. axb4 h3 63. gxh3+ Kxh3 64. b5 Kg2 65. Nd2 Kh3 0-1

[Event "PRO League Eastern 2017"]
[Site "chess.com INT"]
[Date "2017.01.18"]
[Round "2"]
[White "Balabaev, Timur"]
[Black "Pristalov, Evgeny"]
[Result "1/2-1/2"]
[WhiteTitle "IM"]
[WhiteElo "2393"]
[BlackElo "2213"]
[WhiteTeam "Shymkent Nomads"]
[BlackTeam "Gorky Stormbringers"]
[WhiteFideId "13700847"]
[BlackFideId "24128937"]
[EventDate "2017.01.11"]

1. e4 c5 2. Nf3 g6 3. c4 Nc6 4. d4 cxd4 5. Nxd4 Nf6 6. Nc3 Nxd4 7. Qxd4 d6 8.
Be3 Bg7 9. f3 O-O 10. Qd2 a5 11. Be2 a4 12. O-O Qa5 13. Rac1 Be6 14. Nd5 Nxd5
15. Qxa5 Rxa5 16. cxd5 Bc8 17. Rc7 e6 18. Rfc1 Ra8 19. b3 exd5 20. exd5 axb3 21.
axb3 Bf5 22. Rxb7 Rfe8 23. Kf2 Ra2 24. Rd1 Bc8 25. Ra7 Rb2 26. Ra8 Rxb3 27. Bf4
Rb2 28. Rd2 Rxd2 29. Bxd2 Bd4+ 30. Kf1 Bd7 31. Ra5 Bb6 32. Ra2 Kg7 33. Bd3 Bd4
34. Ra6 Bc5 35. Bf4 Bc8 36. Ra8 Bd7 37. Ra5 Kf6 38. Ra6 Ke7 39. Ra5 Rc8 40. h4
Bb4 41. Ra7 Bc5 42. Bg5+ Ke8 43. Ra2 Rb8 44. Ke2 Bd4 45. h5 Bb5 46. Ra5 Bxd3+
47. Kxd3 f6 48. Bf4 Be5 49. Bxe5 fxe5 50. Ra6 Rb2 51. Rxd6 gxh5 52. Rh6 Rxg2 53.
Rxh7 Rg3 54. Ke4 Rh3 55. Kxe5 Rxf3 56. Rxh5 1/2-1/2

[Event "PRO League Eastern 2017"]
[Site "chess.com INT"]
[Date "2017.01.18"]
[Round "2"]
[White "Satyapragyan, Swayangsu"]
[Black "Murali, Krishna G."]
[Result "1-0"]
[WhiteTitle "IM"]
[WhiteElo "2462"]
[BlackElo "2068"]
[WhiteTeam "Odisha Express"]
[BlackTeam "Amaravati Yodhas"]
[WhiteFideId "5004306"]
[BlackFideId "5018030"]
[EventDate "2017.01.11"]

1. e4 Nc6 2. Nf3 d6 3. d4 Nf6 4. Nc3 e5 5. Bb5 exd4 6. Nxd4 Bd7 7. Bxc6 bxc6 8.
Qf3 Be7 9. O-O O-O 10. b3 Ng4 11. Bb2 Bf6 12. Rad1 Be5 13. g3 Nf6 14. Nf5 g6 15.
Ne3 Bh3 16. Rfe1 Qc8 17. Qe2 Ng4 18. Nxg4 Bxg4 19. f3 Be6 20. Na4 Bxb2 21. Nxb2
a5 22. a4 Qb7 23. Nd3 Rae8 24. Qf2 f5 25. e5 Bd5 26. Re3 dxe5 27. Rxe5 Rxe5 28.
Nxe5 Re8 29. Nd3 Qb6 30. Qxb6 cxb6 31. Kf2 g5 32. f4 gxf4 33. Nxf4 Be4 34. Rd2
Kf7 35. c3 b5 36. Ra2 b4 37. cxb4 axb4 38. a5 c5 39. a6 c4 40. bxc4 b3 41. Rb2
Bc2 42. Nd5 Ra8 43. Nb4 Ke6 44. Ke3 Ke5 45. c5 h6 46. Nxc2 bxc2 47. Rxc2 Rxa6
48. c6 Ra3+ 49. Kd2 Ra8 50. c7 Rc8 51. Ke3 Kd6 52. Kf4 Ke6 53. Rc1 Kf6 54. Rc6+ 1-0

[Event "PRO League Eastern 2017"]
[Site "chess.com INT"]
[Date "2017.01.18"]
[Round "2"]
[White "Vertetics, Attila"]
[Black "Colovic, Aleksandar"]
[Result "1-0"]
[WhiteTitle "IM"]
[BlackTitle "GM"]
[WhiteElo "2416"]
[BlackElo "2443"]
[WhiteTeam "Budapest Gambit"]
[BlackTeam "Belgrade Sparrows"]
[WhiteFideId "723720"]
[BlackFideId "15000729"]
[EventDate "2017.01.11"]

1. d4 Nf6 2. Nf3 b6 3. c4 e6 4. a3 Ba6 5. e3 d5 6. Nbd2 Be7 7. b4 O-O 8. Bb2 c5
9. dxc5 bxc5 10. b5 Bb7 11. Qc2 a6 12. a4 axb5 13. axb5 Rxa1+ 14. Bxa1 Nbd7 15.
Bd3 h6 16. O-O Nb6 17. Ne5 dxc4 18. Ndxc4 Nxc4 19. Bxc4 Qa8 20. f3 Nd5 21. Qb3
Bg5 22. e4 Ne3 23. Re1 Nxc4 24. Nxc4 Rd8 25. Be5 Bd2 26. Ra1 Qc8 27. Qc2 Rd4 28.
Nxd2 1-0

[Event "PRO League Eastern 2017"]
[Site "chess.com INT"]
[Date "2017.01.18"]
[Round "2"]
[White "Vertetics, Attila"]
[Black "Arsovic, Goran"]
[Result "0-1"]
[WhiteTitle "IM"]
[BlackTitle "IM"]
[WhiteElo "2416"]
[BlackElo "2401"]
[WhiteTeam "Budapest Gambit"]
[BlackTeam "Belgrade Sparrows"]
[WhiteFideId "723720"]
[BlackFideId "901792"]
[EventDate "2017.01.11"]

1. d4 Nf6 2. Nf3 g6 3. Bf4 Bg7 4. e3 d6 5. h3 c5 6. c3 O-O 7. Nbd2 Nc6 8. Be2
cxd4 9. cxd4 Bf5 10. O-O Rc8 11. Qb3 Na5 12. Qa3 Qb6 13. Rac1 Ne4 14. Nxe4 Bxe4
15. Nd2 Bd5 16. Bg5 Nc6 17. Bf3 Bxf3 18. Nxf3 h6 19. Bh4 g5 20. Bg3 Qb4 21. Rc2
Qxa3 22. bxa3 f5 23. Rfc1 f4 24. Bh2 d5 25. Nd2 e5 26. dxe5 Bxe5 27. Nb3 Rf7 28.
a4 Re8 29. Re2 fxe3 30. fxe3 Bxh2+ 31. Kxh2 d4 32. Rce1 d3 33. Rd2 Ne5 34. Red1
Rc7 35. Nc1 Rd8 36. Kg3 Kg7 37. Kf2 Rf7+ 38. Kg3 Rc7 39. Kf2 Rf7+ 40. Kg3 h5 41.
Nb3 h4+ 42. Kh2 g4 43. Nc5 g3+ 44. Kg1 Rd6 45. Ne4 Rc6 46. Ng5 Rf5 47. Nf3 Rxf3
48. gxf3 Nxf3+ 49. Kf1 Nxd2+ 50. Rxd2 Rc1+ 0-1

[Event "PRO League Eastern 2017"]
[Site "chess.com INT"]
[Date "2017.01.18"]
[Round "2"]
[White "Vaibhav, Suri"]
[Black "Kulkarni, Rakesh"]
[Result "1-0"]
[WhiteTitle "GM"]
[WhiteElo "2552"]
[BlackElo "2344"]
[WhiteTeam "Delhi Dynamite"]
[BlackTeam "Mumbai Movers"]
[WhiteFideId "5045185"]
[BlackFideId "5037077"]
[EventDate "2017.01.11"]

1. e4 c5 2. Nf3 a6 3. c3 d5 4. exd5 Qxd5 5. d4 Nf6 6. Be2 Nc6 7. c4 Qd8 8. d5
Nb8 9. Nc3 g6 10. Be3 Nbd7 11. h3 Bg7 12. O-O O-O 13. Re1 Qc7 14. Qc2 Re8 15.
Rad1 Nh5 16. Bf1 Nf8 17. Na4 b6 18. b4 cxb4 19. Bxb6 Qf4 20. Be3 Qf6 21. Bd4 Qf4
22. Be3 Qf6 23. Bg5 Qf5 24. Bd3 Qd7 25. Nb6 Qa7 26. Nxa8 Qxa8 27. Bxe7 Nd7 28.
Bxb4 Bb7 29. Rxe8+ Qxe8 30. Re1 Qd8 31. Bc3 Bf8 32. Ba1 Nc5 33. Bf1 Bc8 34. Ne5
Nf4 35. Ng4 f5 36. Re8 Qg5 37. Qc3 Kf7 38. Rxf8+ Kxf8 39. Qg7+ Ke8 40. Bf6 Ne2+
41. Kh1 1-0

[Event "PRO League Eastern 2017"]
[Site "chess.com INT"]
[Date "2017.01.18"]
[Round "2"]
[White "Vaibhav, Suri"]
[Black "Gagare, Shardul"]
[Result "0-1"]
[WhiteTitle "GM"]
[BlackTitle "GM"]
[WhiteElo "2552"]
[BlackElo "2472"]
[WhiteTeam "Delhi Dynamite"]
[BlackTeam "Mumbai Movers"]
[WhiteFideId "5045185"]
[BlackFideId "5037883"]
[EventDate "2017.01.11"]

1. b3 e5 2. Bb2 Nc6 3. e3 Nf6 4. Bb5 Bd6 5. Ne2 O-O 6. Bxc6 dxc6 7. d3 a5 8. a4
e4 9. dxe4 Nxe4 10. Nbc3 Nf6 11. Ng3 Qe7 12. O-O Be5 13. Qe1 h5 14. f4 Bd6 15.
e4 h4 16. e5 hxg3 17. exd6 gxh2+ 18. Kh1 Qxe1 19. Raxe1 cxd6 20. Ba3 Bf5 21.
Bxd6 Rfe8 22. Kxh2 Bxc2 23. b4 Ng4+ 24. Kh3 Ne3 25. Rf2 Bf5+ 26. Kg3 Nc4 27.
Rxe8+ Rxe8 28. Bc5 b6 0-1

[Event "PRO League Eastern 2017"]
[Site "chess.com INT"]
[Date "2017.01.18"]
[Round "2"]
[White "Makoto, Rodwell"]
[Black "Christiansen, Johan-Sebastian"]
[Result "0-1"]
[WhiteTitle "IM"]
[BlackTitle "IM"]
[WhiteElo "2403"]
[BlackElo "2428"]
[WhiteTeam "Johannesburg Koeksisters"]
[BlackTeam "Norway Gnomes"]
[WhiteFideId "11000120"]
[BlackFideId "1512668"]
[EventDate "2017.01.11"]

1. Nf3 c5 2. c4 Nc6 3. g3 g6 4. Bg2 Bg7 5. Nc3 e6 6. O-O Nge7 7. d4 cxd4 8. Nb5
d5 9. cxd5 Nxd5 10. Nfxd4 Nxd4 11. Nxd4 Qb6 12. Nb3 O-O 13. e4 Nb4 14. Be3 Qc7
15. Qe2 Nc6 16. Rac1 e5 17. f4 Rd8 18. f5 Qe7 19. Qf2 Qe8 20. Rfd1 Bd7 21. fxg6
hxg6 22. Bg5 Rdc8 23. Nc5 Bg4 24. Nxb7 Nd4 25. Nd6 Rxc1 26. Rxc1 Qd7 27. h3 Ne2+
28. Kh2 Nxc1 29. Bxc1 Be6 30. Qc5 Bf8 0-1

[Event "PRO League Eastern 2017"]
[Site "chess.com INT"]
[Date "2017.01.18"]
[Round "2"]
[White "Makoto, Rodwell"]
[Black "Hammer, Jon Ludvig"]
[Result "0-1"]
[WhiteTitle "IM"]
[BlackTitle "GM"]
[WhiteElo "2403"]
[BlackElo "2628"]
[WhiteTeam "Johannesburg Koeksisters"]
[BlackTeam "Norway Gnomes"]
[WhiteFideId "11000120"]
[BlackFideId "1503707"]
[EventDate "2017.01.11"]

1. Nf3 d5 2. c4 d4 3. g3 Nc6 4. Bg2 e5 5. d3 Nf6 6. O-O Bd6 7. Na3 O-O 8. Nc2 a5
9. e3 Bc5 10. exd4 exd4 11. h3 h6 12. g4 Nh7 13. Nd2 f5 14. gxf5 Bxf5 15. Ne4
Be7 16. Na3 Bxa3 17. bxa3 Qh4 18. Qf3 Ne5 19. Qf4 Ng6 20. Qg3 Rae8 21. Bd2 b6
22. Rac1 Qxg3 23. fxg3 Ne5 24. g4 Bg6 25. Rxf8+ Nxf8 26. Bf1 Bxe4 0-1

[Event "PRO League Eastern 2017"]
[Site "chess.com INT"]
[Date "2017.01.25"]
[Round "3"]
[White "Yakhiyayev, Abdikhadir"]
[Black "Abhishek, Kelkar"]
[Result "1-0"]
[BlackTitle "IM"]
[WhiteElo "2048"]
[BlackElo "2381"]
[WhiteTeam "Shymkent Nomads"]
[BlackTeam "Mumbai Movers"]
[WhiteFideId "13711113"]
[BlackFideId "5019257"]
[EventDate "2017.01.11"]

1. e4 c5 2. Nf3 e6 3. d4 cxd4 4. Nxd4 a6 5. c4 Nf6 6. Nc3 Qc7 7. Be2 b6 8. Be3
Bb7 9. f3 d6 10. O-O Be7 11. Qe1 O-O 12. Rc1 Nbd7 13. Qf2 Rac8 14. Rfd1 Rfe8 15.
a3 Qb8 16. b4 Bd8 17. h3 Bc7 18. Kh1 h6 19. Rc2 d5 20. cxd5 Bg3 21. Qf1 exd5 22.
Nf5 dxe4 23. f4 Bd5 24. Rcc1 Bb3 25. Rd2 Rc6 26. Nxg3 Rec8 27. Bd4 e3 28. Rb2
Qd6 29. Nf5 Qe6 30. Rxb3 Qxf5 31. Bxa6 Ne4 32. Bd3 Ng3+ 33. Kg1 Qe6 34. Qf3 Qxb3
35. Qxg3 Nf6 36. Rb1 Qxa3 37. Bf5 Rxc3 38. Bxf6 g5 39. fxg5 Rc1+ 40. Kh2 h5 41.
g6 Kf8 42. gxf7 1-0

[Event "PRO League Eastern 2017"]
[Site "chess.com INT"]
[Date "2017.01.25"]
[Round "3"]
[White "Yakhiyayev, Abdikhadir"]
[Black "Swapnil, S. Dhopade"]
[Result "0-1"]
[BlackTitle "GM"]
[WhiteElo "2048"]
[BlackElo "2527"]
[WhiteTeam "Shymkent Nomads"]
[BlackTeam "Mumbai Movers"]
[WhiteFideId "13711113"]
[BlackFideId "5019184"]
[EventDate "2017.01.11"]

1. e4 c6 2. d4 d5 3. exd5 cxd5 4. c4 Nf6 5. Nc3 e6 6. Nf3 Be7 7. Bf4 O-O 8. c5
b6 9. b4 Ne4 10. Nxe4 dxe4 11. Ne5 f6 12. Nc4 Nc6 13. Bd6 Nxb4 14. Be2 Bxd6 15.
Nxd6 bxc5 16. dxc5 Qa5 17. O-O Qxc5 18. Nxe4 Qe5 19. Ng3 Nd5 20. Bf3 Bb7 21. Re1
Qd6 22. Ne4 Qe7 23. Qd4 Rfd8 24. Qc5 Kf7 25. Qxe7+ Nxe7 26. Ng5+ fxg5 27. Bxb7
Rab8 28. Ba6 Kf6 29. Bc4 Rd6 30. Re2 Rc8 31. Bb3 Nf5 32. Rae1 Nd4 33. Re3 Rc5
34. h3 h6 35. Rd1 e5 36. Rdd3 Rc1+ 37. Kh2 a5 38. Rc3 Rc6 39. Rxc6+ Rxc6 40. Bd5
Rc2 41. f3 h5 42. Ra3 Rc5 43. Be4 h4 44. Ra4 Ne2 45. Ra3 Ng3 46. Rb3 Rc1 47. Rb1
Rxb1 48. Bxb1 e4 49. fxe4 Ke5 50. Kg1 Ne2+ 51. Kf2 Nc3 52. Bc2 Nxa2 53. Ke3 Nc3
54. Kd3 Nxe4 55. Kc4 Nd6+ 56. Kd3 Nf5 57. Bd1 Kf4 58. Bf3 a4 59. Kc3 Kg3 60. Bc6
a3 61. Bd7 Ne3 62. Kb3 Nxg2 63. Kxa3 Nf4 64. Kb3 Nxh3 65. Kc3 Nf2 66. Kd2 h3 67.
Ke2 h2 68. Kf1 h1=Q+ 69. Ke2 Qe4+ 70. Kd2 Qd3+ 0-1

[Event "PRO League Eastern 2017"]
[Site "chess.com INT"]
[Date "2017.01.25"]
[Round "3"]
[White "Kunte, Abhijit"]
[Black "Yakhiyayev, Abdikhadir"]
[Result "0-1"]
[WhiteTitle "GM"]
[WhiteElo "2491"]
[BlackElo "2048"]
[WhiteTeam "Mumbai Movers"]
[BlackTeam "Shymkent Nomads"]
[WhiteFideId "5002265"]
[BlackFideId "13711113"]
[EventDate "2017.01.11"]

1. d4 Nf6 2. c4 g6 3. g3 Bg7 4. Bg2 O-O 5. Nc3 d6 6. Nf3 Nbd7 7. O-O c6 8. e4 e5
9. h3 exd4 10. Nxd4 Ne5 11. b3 Qe7 12. Be3 Ned7 13. Qc2 a5 14. Rfe1 Nc5 15. Rad1
Re8 16. Bf4 Nh5 17. Bc1 Nf6 18. Re2 Bd7 19. Bf4 Nh5 20. Be3 Nf6 21. f3 Nh5 22.
Bf2 Rad8 23. f4 Bc8 24. Qd2 Qf6 25. Rc1 Nxg3 26. Bxg3 Qxd4+ 27. Qxd4 Bxd4+ 28.
Kh2 Bf6 29. Rcc2 h5 30. Bf2 Ne6 31. Bb6 Nxf4 32. Bxd8 Bxc3 33. Rxc3 Nxe2 34. Re3
Rxd8 35. Rxe2 f6 36. Kg3 Kf7 37. h4 Bg4 38. Rd2 Ke7 39. Kf4 Ra8 40. a3 Be6 41.
Bf1 Rg8 0-1

[Event "PRO League Eastern 2017"]
[Site "chess.com INT"]
[Date "2017.01.25"]
[Round "3"]
[White "Padmini, Rout"]
[Black "Sebenik, Matej"]
[Result "0-1"]
[WhiteTitle "IM"]
[BlackTitle "GM"]
[WhiteElo "2387"]
[BlackElo "2534"]
[WhiteTeam "Odisha Express"]
[BlackTeam "Ljubljana Direwolves"]
[WhiteFideId "5029295"]
[BlackFideId "14602296"]
[EventDate "2017.01.11"]

1. e4 c5 2. Nf3 Nc6 3. Bb5 g6 4. Bxc6 bxc6 5. O-O Bg7 6. Re1 Nh6 7. c3 O-O 8. d4
cxd4 9. cxd4 d5 10. e5 f6 11. exf6 exf6 12. Nc3 Bg4 13. h3 Bxf3 14. Qxf3 Nf5 15.
Qd3 Qb6 16. Rd1 Rfe8 17. Kf1 Bf8 18. g4 Nd6 19. b3 f5 20. Bf4 fxg4 21. hxg4 Ne4
22. f3 Bg7 23. fxe4 Rf8 24. Ne2 g5 25. e5 gxf4 26. Ng1 f3 27. Rd2 Rf4 28. g5
Raf8 29. Rad1 f2 30. Ne2 Rf3 31. Qc2 Qa6 32. Rd3 Qc8 33. Nf4 R8xf4 0-1

[Event "PRO League Eastern 2017"]
[Site "chess.com INT"]
[Date "2017.01.25"]
[Round "3"]
[White "Agdestein, Simen"]
[Black "Bagi, Mate"]
[Result "1-0"]
[WhiteTitle "GM"]
[BlackTitle "IM"]
[WhiteElo "2602"]
[BlackElo "2443"]
[WhiteTeam "Norway Gnomes"]
[BlackTeam "Budapest Gambit"]
[WhiteFideId "1500015"]
[BlackFideId "742570"]
[EventDate "2017.01.11"]

1. d4 Nf6 2. c4 g6 3. Nc3 d5 4. Nf3 Bg7 5. Bg5 Ne4 6. Bf4 Nxc3 7. bxc3 c5 8. e3
O-O 9. Rc1 dxc4 10. Bxc4 Nc6 11. O-O b6 12. Qe2 Na5 13. Bd3 Be6 14. Rfd1 cxd4
15. cxd4 Qd5 16. Bb1 Rfc8 17. e4 Qd8 18. d5 Bg4 19. Bd3 Rxc1 20. Rxc1 Rc8 21.
Rd1 Bxf3 22. Qxf3 Nc4 23. Bxc4 Rxc4 24. e5 Rc5 25. h3 h6 26. Qe4 Kh7 27. d6 Qd7
28. Bg3 Rc8 29. Kh2 b5 30. Rd5 a6 31. h4 Rc4 32. Qf3 e6 33. Rd1 a5 34. h5 a4 35.
Qd3 Rc5 36. f4 b4 37. Rb1 Rb5 38. Be1 Qb7 39. hxg6+ fxg6 40. Qc4 b3 41. Qxa4 b2
42. Bc3 g5 43. Qc2+ Kg8 44. fxg5 Rxe5 45. Rxb2 Qd7 46. Rb8+ 1-0

[Event "PRO League Eastern 2017"]
[Site "chess.com INT"]
[Date "2017.01.25"]
[Round "3"]
[White "Agdestein, Simen"]
[Black "Nagy, Gabor1"]
[Result "0-1"]
[WhiteTitle "GM"]
[BlackTitle "IM"]
[WhiteElo "2602"]
[BlackElo "2433"]
[WhiteTeam "Norway Gnomes"]
[BlackTeam "Budapest Gambit"]
[WhiteFideId "1500015"]
[BlackFideId "737119"]
[EventDate "2017.01.11"]

1. d4 Nf6 2. c4 c5 3. d5 e6 4. Nc3 exd5 5. cxd5 d6 6. Nf3 g6 7. Bg5 Bg7 8. Nd2
h6 9. Bh4 a6 10. a4 O-O 11. e4 Nbd7 12. Be2 Re8 13. O-O Qc7 14. Kh1 g5 15. Bg3
Ne5 16. f3 Nh5 17. Bxe5 Bxe5 18. Nc4 Bg7 19. a5 Bd7 20. Nb6 Rad8 21. g3 Bh3 22.
Re1 Qe7 23. Qd3 Qe5 24. Bf1 Nxg3+ 25. hxg3 Qxg3 26. Qe2 Bd4 27. Rad1 Qg1# 0-1

[Event "PRO League Eastern 2017"]
[Site "chess.com INT"]
[Date "2017.01.25"]
[Round "3"]
[White "Colovic, Aleksandar"]
[Black "Cawdery, Daniel"]
[Result "1-0"]
[WhiteTitle "GM"]
[BlackTitle "IM"]
[WhiteElo "2443"]
[BlackElo "2418"]
[WhiteTeam "Belgrade Sparrows"]
[BlackTeam "Johannesburg Koeksisters"]
[WhiteFideId "15000729"]
[BlackFideId "14300249"]
[EventDate "2017.01.11"]

1. e4 c5 2. Nf3 Nc6 3. Bb5 g6 4. Bxc6 dxc6 5. d3 Bg7 6. h3 Nf6 7. Nc3 O-O 8. Be3
Nd7 9. Qd2 Re8 10. Bh6 Bh8 11. h4 Ne5 12. Nxe5 Bxe5 13. h5 b5 14. Bf4 Bg7 15.
hxg6 hxg6 16. Qe3 Qd4 17. Qg3 b4 18. Na4 c4 19. O-O-O b3 20. axb3 cxb3 21. cxb3
Be6 22. Be3 Qe5 23. Qxe5 Bxe5 24. Nc5 Bc8 25. d4 Bg7 26. Kc2 Rd8 27. Rd2 Rb8 28.
Ra1 a6 29. Ra4 Rb6 30. f3 f5 31. e5 Kf7 32. Bg5 Rh8 33. e6+ Ke8 34. Re2 Rh5 35.
Bf4 Kd8 36. Be5 Bxe5 37. Rxe5 Kc7 38. Ra1 Rh2 39. Re2 Kd6 40. Kc3 Kc7 41. b4 Kd6
42. Rae1 Kc7 43. Nd3 Rb5 44. Ne5 g5 45. Nf7 g4 46. f4 a5 47. bxa5 Rxa5 48. Ne5
Rh6 49. Nc4 Rb5 50. b4 Ba6 51. Ra2 Bc8 52. Ra7+ Rb7 53. Ra8 Rb8 54. Rxb8 Kxb8
55. Re5 Bxe6 56. Ne3 Kc7 57. d5 cxd5 58. Kd4 Kc6 59. g3 Kb5 60. Nxf5 Bxf5 61.
Rxd5+ Kxb4 62. Rxf5 Rh3 63. Re5 Rxg3 64. Rxe7 Rg1 65. Rb7+ Ka5 66. Ke3 Rg3+ 67.
Ke4 Rg1 68. Rb2 Re1+ 69. Kf5 g3 70. Rg2 Kb5 71. Rxg3 Kc5 72. Rd3 Rf1 73. Kg5 Kc4
74. Rd8 1-0

[Event "PRO League Eastern 2017"]
[Site "chess.com INT"]
[Date "2017.01.25"]
[Round "3"]
[White "Colovic, Aleksandar"]
[Black "Oberholzer, Francois"]
[Result "1-0"]
[WhiteTitle "GM"]
[BlackTitle "FM"]
[WhiteElo "2443"]
[BlackElo "2034"]
[WhiteTeam "Belgrade Sparrows"]
[BlackTeam "Johannesburg Koeksisters"]
[WhiteFideId "15000729"]
[BlackFideId "14302250"]
[EventDate "2017.01.11"]

1. e4 d6 2. d4 g6 3. Bc4 Bg7 4. Nf3 a6 5. h3 b5 6. Bb3 Bb7 7. Qe2 Nd7 8. O-O c5
9. c3 Ngf6 10. Bc2 O-O 11. a4 b4 12. a5 b3 13. Bxb3 Nxe4 14. d5 Nef6 15. c4 Rb8
16. Ra3 Re8 17. Nc3 e6 18. Qd1 exd5 19. cxd5 Ne4 20. Qd3 c4 21. Bxc4 Ndc5 22.
Qc2 Rc8 23. b4 Nxc3 24. bxc5 Nxd5 25. Qb3 Rxc5 26. Qxb7 Re7 27. Qb3 Qc8 28. Bxd5
Rxc1 29. Rxc1 Qxc1+ 30. Kh2 Qf4+ 31. g3 Qf5 32. Kg2 Bh6 33. Ra2 1-0

[Event "PRO League Eastern 2017"]
[Site "chess.com INT"]
[Date "2017.01.25"]
[Round "3"]
[White "Pon, Matt"]
[Black "Colovic, Aleksandar"]
[Result "0-1"]
[WhiteTitle "FM"]
[BlackTitle "GM"]
[WhiteElo "2165"]
[BlackElo "2443"]
[WhiteTeam "Johannesburg Koeksisters"]
[BlackTeam "Belgrade Sparrows"]
[WhiteFideId "14301644"]
[BlackFideId "15000729"]
[EventDate "2017.01.11"]

1. e4 d6 2. Nf3 Nf6 3. c3 e5 4. g3 Be7 5. Bg2 O-O 6. d3 a5 7. a4 c6 8. O-O Re8
9. Nbd2 Nbd7 10. Qe2 Bf8 11. Nh4 b6 12. Nf5 g6 13. Ne3 Ba6 14. b4 axb4 15. cxb4
b5 16. a5 c5 17. Ba3 d5 18. exd5 cxb4 19. Bb2 Bb7 20. d4 exd4 21. Bxd4 Bxd5 22.
Bxd5 Nxd5 23. Qxb5 Nxe3 24. fxe3 Nc5 25. Nf3 Rb8 26. Qc4 Ne6 27. Ne5 Rc8 28. Nc6
Qd7 29. Rac1 Nxd4 30. exd4 Bh6 31. Rc2 b3 32. Rc3 Bd2 33. d5 Bxc3 34. Qxc3 b2
35. Qf3 f5 36. Rb1 Qb7 37. Qc3 Re2 38. Qc4 Qa7+ 39. Kh1 Qf2 40. d6+ Kg7 41. Qd4+
Qxd4 42. Nxd4 Rc1+ 0-1

[Event "PRO League Eastern 2017"]
[Site "chess.com INT"]
[Date "2017.01.25"]
[Round "3"]
[White "Pon, Matt"]
[Black "Svicevic, Rastko"]
[Result "1-0"]
[WhiteTitle "FM"]
[BlackTitle "FM"]
[WhiteElo "2165"]
[BlackElo "2189"]
[WhiteTeam "Johannesburg Koeksisters"]
[BlackTeam "Belgrade Sparrows"]
[WhiteFideId "14301644"]
[BlackFideId "916315"]
[EventDate "2017.01.11"]

1. e4 c5 2. Nf3 Nc6 3. Bb5 e5 4. O-O Bd6 5. c3 Nge7 6. Re1 O-O 7. d3 a6 8. Ba4
Bc7 9. Nbd2 b5 10. Bc2 d5 11. exd5 Nxd5 12. Ne4 Qe7 13. Bb3 Rd8 14. Nfg5 h6 15.
Qh5 hxg5 16. Bxg5 f6 17. Bxf6 gxf6 18. Qg6+ Kf8 19. Bxd5 Rxd5 20. Nxf6 Be6 21.
Nh7+ Qxh7 22. Qxh7 Rd7 23. Qh8+ 1-0

[Event "PRO League Eastern 2017"]
[Site "chess.com INT"]
[Date "2017.01.25"]
[Round "3"]
[White "Anwesh, Upadhyaya"]
[Black "Pavasovic, Dusko"]
[Result "0-1"]
[WhiteTitle "IM"]
[BlackTitle "GM"]
[WhiteElo "2384"]
[BlackElo "2548"]
[WhiteTeam "Odisha Express"]
[BlackTeam "Ljubljana Direwolves"]
[WhiteFideId "5028949"]
[BlackFideId "14600986"]
[EventDate "2017.01.11"]

1. e4 e5 2. Nf3 Nc6 3. Bb5 a6 4. Ba4 Nf6 5. O-O b5 6. Bb3 Bb7 7. d3 Be7 8. Nc3
O-O 9. Re1 d6 10. a3 Qd7 11. h3 Rae8 12. Bg5 Nd8 13. a4 Ne6 14. Be3 c5 15. axb5
axb5 16. Ra7 Ra8 17. Rxa8 Rxa8 18. Ng5 h6 19. Nxe6 fxe6 20. f4 exf4 21. Bxf4 Kh7
22. e5 Nd5 23. Bxd5 exd5 24. e6 Qe8 25. Qf3 Qc6 26. Qg4 Rf8 27. Nd1 d4 0-1